Managing your emotions / (Record no. 4037)

MARC details
000 -LEADER
fixed length control field 00646nam a2200253Ia 4500
001 - CONTROL NUMBER
control field 8958
003 - CONTROL NUMBER IDENTIFIER
control field GBCCL
005 - DATE AND TIME OF LATEST TRANSACTION
control field 20241126110509.0
008 - FIXED-LENGTH DATA ELEMENTS--GENERAL INFORMATION
fixed length control field 830729s1983 ilu 00010 eng d
010 ## -
-- 82062435
020 ## - INTERNATIONAL STANDARD BOOK NUMBER
International Standard Book Number 0882073869 :
Terms of availability $3.95
035 ## - SYSTEM CONTROL NUMBER
System control number OCM09755437
040 ## - CATALOGING SOURCE
Original cataloging agency WBS
Transcribing agency WBS
Modifying agency LBB
049 ## -
-- LBBK
082 ## - DEWEY DECIMAL CLASSIFICATION NUMBER
Classification number 152.4
Item number LUT
092 ## - LOCALLY ASSIGNED DEWEY CALL NUMBER (OCLC)
Classification number 152.4
Item number L975
100 10 - MAIN ENTRY--PERSONAL NAME
Personal name Lutzer, Erwin W.
9 (RLIN) 214
245 10 - TITLE STATEMENT
Title Managing your emotions /
Statement of responsibility, etc. Erwin Lutzer.
260 0# - PUBLICATION, DISTRIBUTION, ETC.
Place of publication, distribution, etc. Wheaton, Ill. :
Name of publisher, distributor, etc. Victor Books,
Date of publication, distribution, etc. c1983.
300 ## - PHYSICAL DESCRIPTION
Extent 152 p. ;
Dimensions 21 cm.
650 #0 - SUBJECT ADDED ENTRY--TOPICAL TERM
Topical term or geographic name entry element Christian life.
9 (RLIN) 183
650 #0 - SUBJECT ADDED ENTRY--TOPICAL TERM
Topical term or geographic name entry element Emotions.
9 (RLIN) 7213
942 ## - ADDED ENTRY ELEMENTS (KOHA)
Source of classification or shelving scheme Dewey Decimal Classification
Koha item type Books
Koha issues (borrowed), all copies 4
Holdings
Withdrawn status Lost status Source of classification or shelving scheme Damaged status Not for loan Home library Current Library Shelving location Date acquired Total checkouts Total renewals Full call number Barcode Date last seen Date last checked out Copy number Price effective from Koha item type
    Dewey Decimal Classification     GRACE BIBLE COLLEGE GRACE BIBLE COLLEGE Philosophy and Religion 2018-01-10 5 4 152.4 LUT 008610 2025-05-01 2024-12-05 c.1 2018-01-10 Books
© Grace Bible College Library 2025